MARC

LEADER 00000nam0a2200000 4500
001 24475
005 20231101205617.0
010 |a 5866560046 
035 |a (RuTPU)RU\TPU\book\24704 
035 |a BOOK00024777 
090 |a 24475 
100 |a 20011209d1992 m y0rusy50 ca 
101 0 |a rus 
102 |a RU 
105 |a y z 000zy 
200 1 |a Введение в экологию  |f Под ред. Ю. А. Казанского 
210 |a Москва  |c ИздАТ  |d 1992 
215 |a 109 с. 
606 |a Экология  |x (биологические науки)  |2 stltpush  |3 (RuTPU)RU\TPU\subj\67531  |9 83289 
610 1 |a биосфера 
610 1 |a человек 
610 1 |a пестициды 
610 1 |a радиоактивность 
610 1 |a круговороты 
610 1 |a энергетика 
610 1 |a почва 
610 1 |a воды природные 
610 1 |a загрязнения 
675 |a 574  |v 3 
702 1 |a Казанский  |b Ю. А.  |g Юрий Алексеевич  |4 340 
801 0 |a RU  |b 63413507  |c 20011209  |g PSBO 
801 2 |a RU  |b 63413507  |c 20180504  |g PSBO 
900 |a Экология 
900 |a Введение в защиту окружающей среды 
942 |c BK